LEADER 01505nam a2200277 4500 001 000000356839 003 CaOOAMICUS 005 20240119120938.0 008 240119s1827 it 000 u ita r 026 $ee,ra o,ui tear taca (3) 1827 (A) 040 $aSeMil$bita 100 11$aPlatner, Camillo.$0(OLS)http://semarc/name/118973 245 10$aSulla vita e sulle opere di Paolo Zacchia discorso pronunziato nella grand'aula dell'I. R. Universitā di Pavia pel solenne aprimento dell'anno scolastico 1826.-1827. dal dottore Camillo Platner ... 264 1$aMilano :$bDall'Imperiale Regia Stamperia,$c1827. 300 $a47, [1] p.; $c8š 500 $aNel titolo date espresse in cifre romane 500 $aSegn.: [1]? 2-3? 700 1 $aScarpa, Antonio,$ededicatario.$0(OLS)http://semarc/name/34276 710 2 $aStamperia reale$b.$0(OLS)http://semarc/name/4026 850 $aSeMil 852 $aSeMil$W1$xVenegono$y1$m5C IV 6/4$j245502$B248015$CSeMilBibl$Z2$F248015 $8I 961 $aEtichetta della Biblioteca del Seminario liceale di Monza 961 $aRecupero da Biblioteca Seminario liceale - Monza 996 $6245$aSulla vita e sulle opere di Paolo Zacchia discorso pronunziato nella grand'aula dell'I. R. Universitā di Pavia pel solenne aprimento dell'anno scolastico 1826.-1827. dal dottore Camillo Platner ...$9(OLS)http://semarc/title/447082 996 $6264$aMilano :$bDall'Imperiale Regia Stamperia$9(OLS)http://semarc/publisher/31324 LEADER 00804nam a2200205 4500 001 000000342007 003 CaOOAMICUS 005 20200914000000.0 008 200914s it 000 u ita r 040 $aSeMil$bita 245 10$a1818-2018 Bicentenario della nascita. 264 1$aMilano :$bĀncora,$c2018. 300 $a120 p. :$bill. ;$c30 cm 500 $aNumero speciale del Notiziario delle Suore di Santa Marta "Camminando con fede" 650 4$aSuore di Santa Marta.$0(OLS)http://semarc/subject/30447 850 $aSeMil 852 $aSeMil$W1$xVenegono$y1$m5D XI 23/10$j221476$B233041$CSeMilBibl$Z2$F233041 $81 996 $6245$a1818-2018 Bicentenario della nascita$9(OLS)http://semarc/title/430895 996 $6264$aMilano :$bĀncora$9(OLS)http://semarc/publisher/29763